Loading...
| LEADER | 00509nam a22001577a 4500 | ||
|---|---|---|---|
| 003 | OSt | ||
| 020 | |a 978472107336 | ||
| 082 | |a 823.1 |b BRO/TI | ||
| 100 | |a Brown,Dale | ||
| 245 | |a Tiger's Claw |b The fight for the pacific begins | ||
| 260 | |a UK |b Corsair |c 2012 | ||
| 300 | |a 420 Pages ; | ||
| 650 | |a Fiction | ||
| 942 | |2 ddc |c BK | ||
| 999 | |c 139581 |d 139581 | ||
| 952 | |0 0 |1 0 |2 ddc |4 0 |6 823_100000000000000_BROTI |7 0 |9 139030 |a KAUCLV |b KAUCLV |c GENERAL |d 2014-07-05 |g 399.00 |l 1 |o 823.1 BRO/TI |p 223772 |r 2014-11-04 |s 2014-09-29 |w 2014-07-05 |y BK | ||